000
00250 a2200109 4500
001
68601
040
_c
Anchieta - Itaigara
240
1
0
_a
Construções do poder II
_l
245
1
0
_a
Construções do poder II
650
4
_a
Geografia e viagens
942
_c
MX
999
_c
68601
_d
68601